000
00302nam a2200133Ia 4500
008
100328s9999 xx 000 0 und d
082
_b
2154
100
_a
Fischer Louis
245
_a
Lenin's Russia
260
_b
Padma Pub.
630
_a
Lenin's Russia
730
_a
Lenin's Russia
942
_c
BOOK
999
_c
498381
_d
498378